Das Leben des hl. Adalbert von Prag auf der Bronzetür zu Gnesen

Titel: Das Leben des hl. Adalbert von Prag auf der Bronzetür zu Gnesen
Verfasser:
In: Tausend Jahre Benediktiner in den Klöstern Břevnov, Braunau und Rohr, (1993), Seite 157-216, 19 Abb.
alle Artikel anzeigen
Veröffentlicht: 1993
Format: Aufsatz
Sprache: Deutsch
Schlagworte:
Kein Bild verfügbar
X
alg: 39251927
001A    $01999:11-11-16 
001B    $03025:03-04-26 $t07:54:17.000 
001D    $01999:11-11-16 
001U    $0utf8 
001X    $00 
002@    $0Aox 
003@    $0392519275 
007A    $0392519275 $aHEB 
007T    $0Herdc0044436m 
010@    $ager 
011@    $a1993 
021A    $aDas @Leben des hl. Adalbert von Prag auf der Bronzetür zu Gnesen 
028A    $aČerný $dPavol 
031A    $h157-216, 19 Abb. $j1993 
039B    $aIn $8--Aau--. Tausend Jahre Benediktiner in den Klöstern Břevnov, Braunau und Rohr. - St. Ottilien : EOS-Verl., 1993. - LI, 852 S.. - Ill., graph. Darst., Kt.. - ISBN 3-88096-623-0 $x199300000000000843 $9024631760 
044K    $RSlawnik $RStrzecislawa $#Adalbert  $#Adalbert  $#Vojtěch, Adalbert $#Wojciech, Adalbert $#Woitech $#Adalbert  $#Adalbertus  $#Vojtěch  $#Adalbertus  $#Adalbert  $7118646850 $8$PAdalbertus$lPragensis$Z956-997 [Tp1] $9086987755 
044K    $RGnesen $RWoiwodschaft Großpolen $#Gnesen $#Gnesna $7116936-1 $8Gniezno [Tg1] $9040677370 
044K    $RVerehrung $#Saints Cult $#Saints Culte $#Santos cristianos Culto $#Hagiodulie $#Heiligenkult $#Heiliger Verehrung $74024052-6 $8Heiligenverehrung [Ts1] $908505979X 
044K    $RReligiöse Kunst $#Christian art and symbolism $#Art chrétien $#Arte cristiana $#Arte religioso $#Simbolismo cristiano $#Kirchliche Kunst $#Sakralkunst Christliche Kunst $#Sakrale Kunst Christliche Kunst $#Christentum Kunst $74010109-5 $8Christliche Kunst [Ts1] $9085019704 
044K    $RBildprogramm $RIkonologie $#Iconographie $#Ikonographie $#Kunst Inhaltsanalyse $74026535-3 $8Ikonografie [Tsz] $9085066273 
045F    $a200.9438490902 $eDDC23BSB 
045F/01 $a200.9 
045F/03 $f0902 
045F/03 $g43849 
045F/03 $g4371 

lok: 39251927 78

exp: 39251927 78 1 #EPN
201B/01 $022-03-18 $t23:27:18.000 
201U/01 $0utf8 
203@/01 $078861715X 
208@/01 $a11-11-16 $be 
209A/01 $a/ $f000 $x00 
220C/01 $aTitelaufnehmer: nk;ak 
220C/01 $aHerkunft: HI Marburg 
244Z/01 $#Tschechien $#Tschechische Republik $#Tschechien $#Tschechische Republik $#Tschechenland $#Tschechei Tschechien $#Česká Republika $#Czech Republic $#ČR $74303381-7 $8--Tg1--Tschechien $x01 $9086659812 
244Z/01 $2Trx $#Böhmen $#Bohemia $#Czechy $8--Trx--Čechy $x02 $9391188941 
244Z/01 $2Trx $#Poola $#Lenkija $#Polija $#Polen Land $#Poland $#Lengyelország $#Poľsko $#Polsko $8--Trx--Polska$gkraj $x03 $9391345966 
244Z/01 $2Trx $#Großpolen $#Greater Poland $#Velkopolsko $8--Trx--Wielkopolska $x04 $9391277227 
244Z/01 $#Gnesen $#Gnesna $7116936-1 $8--Tg1--Gniezno $x05 $9040677370 
244Z/01 $aGeschichte 1000-1950 $x06 
244Z/01 $#Adalbert  $#Adalbert  $#Vojtěch, Adalbert $#Wojciech, Adalbert $#Woitech $#Adalbert  $#Adalbertus  $#Vojtěch  $#Adalbertus  $#Adalbert  $7118646850 $8--Tp1--$PAdalbertus$lPragensis$Z956-997 $x07 $9086987755 
244Z/01 $2Trx $#kunst, sakraalne $#sakralinis menas $#Art, sacred $#müvészet, szakrális $#sztuka sakralna $#umenie sakrálne $#umění sakrální $8--Trx--Kunst, sakrale $x08 $9391354639 
244Z/01 $2Trx $#pühakute austamine $#šventųjų kultas $#adoration of saints $#szentté avatás $#kult świętych $#kult svätých $#kult svatých $8--Trx--Heiligenverehrung $x09 $9391383256 
244Z/01 $2Trx $#ikonograafia $#ikonografija $#Iconography $#ikonográfia $#ikonografia $#ikonografia $#ikonografie $#Bildkunde, historische $8--Trx--Ikonographie $x10 $9391355457 
244Z/01 $2Trx $#kirikud hooned $#bažnyčių pastatai $#churches buildings $#templomok épületek $#kościoły budynki $#kostoly budovy $#kostely budovy $8--Trx--Kirchen$gGebäude $x11 $9391363778 
244Z/01 $2Trx $8--Trx--Einzelbeiträge $x12 $9391384570 
245Z/01 $a13.03 $x01 
245Z/01 $a11.10 $x02 
247C/01 $82080>Marburg/Lahn, Herder-Institut, Forschungsbibliothek, Bibliographieportal $9336309341
LEADER 00000caa a22000002c 4500
001 392519275
003 DE-603
005 20260403075417.0
007 tu
008 161111s1993 xx |||| | u00||u|ger c
035 |a (DE-599)HEB392519275 
040 |a DE-603  |b ger  |c DE-603  |d DE-603 
041 |a ger 
082 0 4 |8 1\u  |a 200.9438490902  |q DE-101  |2 23/BSB 
085 |8 1\u  |b 200.9 
085 |8 1\u  |z 1  |s 0902 
085 |8 1\u  |z 2  |s 43849 
085 |8 1\u  |z 2  |s 4371 
100 1 |a Černý, Pavol 
245 0 0 |a ˜Dasœ Leben des hl. Adalbert von Prag auf der Bronzetür zu Gnesen 
264 0 |c 1993 
600 0 7 |a Adalbertus  |c Pragensis  |d 956-997  |0 (DE-588)118646850  |0 (DE-603)086987755  |2 gnd 
650 7 |a Heiligenverehrung  |0 (DE-588)4024052-6  |0 (DE-603)08505979X  |2 gnd 
650 7 |a Christliche Kunst  |0 (DE-588)4010109-5  |0 (DE-603)085019704  |2 gnd 
650 7 |a Ikonografie  |0 (DE-588)4026535-3  |0 (DE-603)085066273  |2 gnd 
651 7 |a Gniezno  |0 (DE-588)116936-1  |0 (DE-603)040677370  |2 gnd 
773 0 8 |i In  |t Tausend Jahre Benediktiner in den Klöstern Břevnov, Braunau und Rohr  |d St. Ottilien : EOS-Verl., 1993  |h LI, 852 S., Ill., graph. Darst., Kt.  |z 3880966230  |g (1993), Seite 157-216, 19 Abb.  |w (DE-603)024631760 
924 0 |9 2080  |a (DE-603)78861715X  |b DE-2080  |c HES  |d d  |g /